header

Experience design (Record no. 15107)

MARC details
000 -LEADER
fixed length control field 01375nam a2200337 a 4500
082 04 - DEWEY DECIMAL CLASSIFICATION NUMBER
Classification number 658.5/752
100 1# - MAIN ENTRY--AUTHOR NAME
Personal name Newbery, Patrick.
245 10 - TITLE STATEMENT
Title Experience design
260 ## - PUBLICATION, DISTRIBUTION, ETC. (IMPRINT)
Place of publication Hoboken, N.J. :
Name of publisher John Wiley & Sons, Inc.,
Year of publication 2013.
300 ## - PHYSICAL DESCRIPTION
Number of Pages vii, 232 p. :
Other physical details col. ill.
505 0# - FORMATTED CONTENTS NOTE
Formatted contents note section I. Context -- section II. Frameworks and tools -- section III. Moving forward.
650 #0 - SUBJECT ADDED ENTRY--TOPICAL TERM
Topical Term Product design.
Topical Term Industrial design.
700 1# - ADDED ENTRY--PERSONAL NAME
Personal name Farnham, Kevin.
856 40 - ELECTRONIC LOCATION AND ACCESS
Uniform Resource Identifier http://site.ebrary.com/lib/rucke/Doc?id=10747419

No items available.

© 2026 Rongo University
Contact us: librarian | system librarian | Rongo university